[Event "XXXVII Olimpiadi femminile"]
[Site "Torino ITA"]
[Date "2006.05.29"]
[Round "8.2"]
[White "Dengler, Dijana"]
[Black "Wilson, Julie"]
[Result "1-0"]
[WhiteElo "2144"]
[BlackElo "1945"]
[Annotator "WLS-BIH"]
[PlyCount "67"]
[EventDate "2006.05.21"]

1. d4 Nf6 2. Nf3 e6 3. e3 b6 4. Bd3 Bb7 5. Nbd2 d5 6. Ne5 Be7 7. O-O O-O 8. Qf3
c5 9. b3 Nc6 10. Nxc6 Bxc6 11. dxc5 bxc5 12. Qh3 e5 13. f4 e4 14. Be2 Qd6 15.
Bb2 Bd7 16. Qg3 Rad8 17. Rad1 Qc6 18. c4 Bf5 19. cxd5 Rxd5 20. Nc4 Be6 21. Ne5
Qb7 22. Bc4 Rxd1 23. Rxd1 Nh5 24. Qf2 Bxc4 25. Nxc4 Qc6 26. Ne5 Qe8 27. Nd7 Qc8
28. Nxf8 Kxf8 29. Qe2 Nf6 30. Qc4 Ng4 31. Qxe4 f5 32. Qd3 Qe6 33. Re1 Qh6 34.
Qxf5+ 1-0

[Event "XXXVII Olimpiadi femminile"]
[Site "Torino ITA"]
[Date "2006.05.29"]
[Round "8.1"]
[White "Nuritdinova, Elena"]
[Black "Melnik, Galina"]
[Result "1-0"]
[WhiteElo "2087"]
[BlackElo "2079"]
[Annotator "TJK-IPCA"]
[PlyCount "45"]
[EventDate "2006.05.21"]

1. e4 e5 2. Nf3 Nf6 3. Nxe5 d6 4. Nf3 Nxe4 5. Nc3 Nf6 6. d4 d5 7. Be2 Be7 8.
O-O O-O 9. Ne5 Bf5 10. Bg5 c6 11. Bd3 Bxd3 12. Qxd3 Nbd7 13. Rae1 Re8 14. Qf5
Nf8 15. f4 Qc8 16. Qd3 Ne6 17. Re3 b5 18. Rh3 Nf8 19. f5 b4 20. Ne2 c5 21. Bh6
gxh6 22. Qg3+ Kh8 23. Nxf7# 1-0

[Event "XXXVII Olimpiadi femminile"]
[Site "Torino ITA"]
[Date "2006.05.29"]
[Round "8.1"]
[White "Khoudgarian, Natalia"]
[Black "Isgandarova, Khayala Ilqar Qizi"]
[Result "1/2-1/2"]
[WhiteElo "2123"]
[BlackElo "2104"]
[Annotator "CAN-AZE"]
[PlyCount "126"]
[EventDate "2006.05.21"]

1. e4 e6 2. d4 d5 3. Nd2 Nf6 4. e5 Nfd7 5. Bd3 c5 6. c3 Nc6 7. Ne2 cxd4 8. cxd4
f6 9. exf6 Nxf6 10. O-O Bd6 11. Nf3 Qc7 12. Bg5 O-O 13. Rc1 Bd7 14. Bb1 Be8 15.
Ng3 h6 16. Bd2 Bxg3 17. hxg3 Qb6 18. Qe2 Bf7 19. Bc3 Rae8 20. Ne5 Nxe5 21. dxe5
Nd7 22. Qd3 g6 23. Qd2 Kg7 24. Ba5 Qb5 25. Bd3 Qa4 26. Bb4 Nxe5 27. Qc3 d4 28.
Qxd4 Kg8 29. b3 Rd8 30. bxa4 Rxd4 31. Bxf8 Kxf8 32. Bb1 Rxa4 33. Rc7 Rb4 34.
Rd1 g5 35. f3 Kg7 36. Be4 Ra4 37. Bxb7 Rxa2 38. f4 Ng4 39. Bf3 Nf6 40. Rb1 g4
41. Bc6 Kg6 42. Rbb7 Ra6 43. Rxa7 Rxa7 44. Rxa7 Nd5 45. Bxd5 exd5 46. Kf2 Be6
47. Ke3 Kf5 48. Kd4 Bg8 49. Rg7 Be6 50. Rh7 Kg6 51. Rh8 Kg7 52. Ke5 Kxh8 53.
Kxe6 d4 54. f5 d3 55. f6 d2 56. f7 d1=Q 57. f8=Q+ Kh7 58. Qf5+ Kg7 59. Qf7+ Kh8
60. Qe8+ Kg7 61. Qe7+ Kg8 62. Qf7+ Kh8 63. Qf6+ Kh7 1/2-1/2

[Event "XXXVII Olimpiadi femminile"]
[Site "Torino ITA"]
[Date "2006.05.29"]
[Round "8.2"]
[White "Aghasiyeva, Fidan Aydin Qizi"]
[Black "Khaziyeva, Dinara"]
[Result "0-1"]
[WhiteElo "2088"]
[BlackElo "2103"]
[Annotator "CAN-AZE"]
[PlyCount "104"]
[EventDate "2006.05.21"]

1. d4 Nf6 2. c4 Nc6 3. Nc3 e5 4. d5 Ne7 5. g3 Ng6 6. Bg2 Bb4 7. Qc2 O-O 8. e4
d6 9. Nge2 h6 10. Bd2 a6 11. O-O-O Bd7 12. h4 b5 13. h5 Ne7 14. f3 c6 15. g4
Nh7 16. f4 exf4 17. Bxf4 cxd5 18. e5 Bxg4 19. exd6 Bxd6 20. Nxd5 Nxd5 21. Rxd5
Bxf4+ 22. Nxf4 Qc7 23. Rd4 Qe5 24. Qd2 Rae8 25. Bc6 Rc8 26. Bd5 Rfe8 27. Ng6
Qe2 28. Qxe2 Bxe2 29. Re1 Bxc4 30. Rxe8+ Rxe8 31. Bxc4 bxc4 32. Nf4 Rc8 33. Nd5
Kf8 34. Nb6 Rc6 35. Nxc4 Nf6 36. Kd2 Ke7 37. Ke3 Nxh5 38. a3 f5 39. Kf3 g5 40.
Ne3 Ke6 41. Rd8 Nf6 42. Rh8 h5 43. Rd8 Ke5 44. Kg2 f4 45. Nd1 g4 46. Nc3 h4 47.
Rd1 Rd6 48. Re1+ Kf5 49. b4 f3+ 50. Kf2 Kf4 51. a4 g3+ 52. Kf1 h3 0-1

[Event "XXXVII Olimpiadi femminile"]
[Site "Torino ITA"]
[Date "2006.05.29"]
[Round "8.1"]
[White "Zepeda Cortez, Lorena Marisela"]
[Black "Milligan, Helen"]
[Result "1-0"]
[WhiteElo "2122"]
[BlackElo "2053"]
[Annotator "ESA-SCO"]
[PlyCount "119"]
[EventDate "2006.05.21"]

1. e4 e5 2. Bc4 Nf6 3. Qe2 Bc5 4. Nf3 Nc6 5. c3 d6 6. Bb3 a6 7. d3 O-O 8. Nbd2
Ba7 9. Nf1 Ne7 10. h3 Ng6 11. g4 Be6 12. Bc2 Re8 13. Ng3 d5 14. Bg5 h6 15. Bd2
Nh7 16. O-O-O c5 17. Kb1 b5 18. Nf5 b4 19. cxb4 cxb4 20. Bxb4 Qb6 21. Ba3 Rab8
22. Nd2 Nf4 23. Qe1 Qa5 24. Nb3 Qxe1 25. Rdxe1 Bxf5 26. exf5 Bxf2 27. Ref1 Bb6
28. d4 Ne2 29. Bd6 Rbc8 30. Bxe5 f6 31. Bd3 Nc3+ 32. bxc3 fxe5 33. Bxa6 Rxc3
34. Re1 e4 35. Rc1 Rxc1+ 36. Rxc1 Rb8 37. Rc8+ Rxc8 38. Bxc8 Nf6 39. a4 Kf8 40.
a5 Ba7 41. a6 Ke8 42. Kc2 Nd7 43. Bb7 Nf6 44. Kd2 Kd7 45. Ke3 Kd6 46. Na5 Kc7
47. Nc6 Bb6 48. Kf4 Ne8 49. Ne7 Nf6 50. Nxd5+ Nxd5+ 51. Bxd5 Bxd4 52. Kxe4 Bc5
53. Ke5 Kb6 54. Bc4 Be7 55. Ke6 Bf6 56. Kf7 Ka7 57. Kg6 Be5 58. h4 Bd4 59. g5
hxg5 60. hxg5 1-0

[Event "XXXVII Olimpiadi femminile"]
[Site "Torino ITA"]
[Date "2006.05.29"]
[Round "8.2"]
[White "Wan, Khye Theng"]
[Black "Moodliar, Suvania"]
[Result "1-0"]
[WhiteElo "1989"]
[BlackElo "1859"]
[Annotator "RSA-MAS"]
[PlyCount "73"]
[EventDate "2006.05.21"]

1. e4 e6 2. d4 d5 3. Nc3 Nf6 4. e5 Nfd7 5. f4 c5 6. Nf3 Nc6 7. Be3 a6 8. Qd2 b5
9. O-O-O Qb6 10. dxc5 Bxc5 11. Nd4 Bb7 12. Be2 Rc8 13. Bf3 Na5 14. Be2 Nc4 15.
Bxc4 bxc4 16. Rhe1 O-O 17. g4 Rfe8 18. Nf3 Bc6 19. Bd4 Rb8 20. Ne2 Rb7 21. Qc3
Reb8 22. Bxc5 Nxc5 23. b3 Ne4 24. Qd4 Qa5 25. Kb2 Rb4 26. Qe3 cxb3 27. axb3 Ra4
28. Ra1 Qb4 29. Rxa4 Bxa4 30. Qd4 Qxd4+ 31. Nexd4 Nf2 32. Rg1 Nh3 33. Ra1 Bb5
34. f5 exf5 35. gxf5 g5 36. Nxg5 Nxg5 37. Rg1 1-0

[Event "XXXVII Olimpiadi femminile"]
[Site "Torino ITA"]
[Date "2006.05.29"]
[Round "8.3"]
[White "Laubscher, Anzel"]
[Black "Zullkafli, Nur Shazwani"]
[Result "1/2-1/2"]
[WhiteElo "1856"]
[BlackElo "2108"]
[Annotator "RSA-MAS"]
[PlyCount "122"]
[EventDate "2006.05.21"]

1. d4 d5 2. c4 e6 3. Nc3 Nf6 4. Nf3 c6 5. Bg5 Nbd7 6. e3 Be7 7. Rc1 O-O 8. Bd3
Re8 9. O-O b6 10. cxd5 exd5 11. Bf4 Nf8 12. Ne5 Bb7 13. Bf5 Bd6 14. Ne2 c5 15.
Nf3 Ng6 16. Bxd6 Qxd6 17. dxc5 bxc5 18. b3 Rad8 19. Qc2 d4 20. Qxc5 Qxc5 21.
Rxc5 dxe3 22. fxe3 Rxe3 23. Ned4 Bxf3 24. Nxf3 Re2 25. Bxg6 hxg6 26. Ra5 Rd7
27. Rf2 Rd1+ 28. Rf1 Rd7 29. Rf2 Ree7 30. h3 Ne4 31. Rc2 Rd1+ 32. Kh2 f5 33.
Rc6 Kh7 34. Nh4 Nf6 35. Nf3 Kh6 36. Rc4 Ne4 37. Rca4 Rc7 38. Rc4 Rxc4 39. bxc4
f4 40. Rxa7 Ng3 41. Ng1 Nf1+ 42. Kh1 Rc1 43. Rc7 Nd2 44. c5 f3 45. gxf3 Nxf3
46. Kg2 Nxg1 47. c6 Ne2 48. Rc8 Kh7 49. c7 Nf4+ 50. Kf3 Ne6 51. a4 Ra1 52. Rh8+
Kxh8 53. c8=Q+ Kh7 54. Qxe6 Rxa4 55. Qb3 Rh4 56. Kg3 Rh5 57. h4 Rf5 58. Kg4 Ra5
59. Qb4 Rh5 60. Qc4 Rf5 61. Qb4 Rh5 1/2-1/2

[Event "XXXVII Olimpiadi femminile"]
[Site "Torino ITA"]
[Date "2006.05.29"]
[Round "8.1"]
[White "Koskoska, Gabriela"]
[Black "Zhu, Hui"]
[Result "1/2-1/2"]
[WhiteElo "2220"]
[BlackElo "2050"]
[Annotator "MKD-JAM"]
[PlyCount "104"]
[EventDate "2006.05.21"]

1. e4 e5 2. Nf3 Nc6 3. d4 exd4 4. Nxd4 Nf6 5. Nxc6 bxc6 6. Bd3 Be7 7. e5 Nd5 8.
Qg4 Bf8 9. Bg5 d6 10. Qh4 Be7 11. Bxe7 Qxe7 12. Qxe7+ Nxe7 13. exd6 cxd6 14.
Nc3 Be6 15. O-O-O Nd5 16. Ne4 O-O-O 17. a3 h6 18. Rhe1 Rhe8 19. c4 Nf4 20. Bf1
Kc7 21. g3 Ng6 22. c5 dxc5 23. Rxd8 Rxd8 24. Nxc5 Bd5 25. Bd3 Nf8 26. Bf5 g6
27. Bh3 Kb6 28. b4 Ne6 29. Bxe6 fxe6 30. Kc2 a5 31. Kc3 axb4+ 32. Kxb4 Ba2 33.
Re2 Rd4+ 34. Kc3 Kxc5 35. Rxa2 Rd1 36. Re2 Kd5 37. a4 Ra1 38. Kb3 c5 39. Rd2+
Kc6 40. f4 Rb1+ 41. Rb2 c4+ 42. Kc3 Ra1 43. Kxc4 Rxa4+ 44. Kd3 Kd6 45. Ke3 h5
46. Rd2+ Ke7 47. h3 Kf6 48. Rd3 Kf5 49. Kf3 Kf6 50. Rb3 Rc4 51. g4 hxg4+ 52.
hxg4 g5 1/2-1/2

[Event "XXXVII Olimpiadi femminile"]
[Site "Torino ITA"]
[Date "2006.05.29"]
[Round "8.1"]
[White "Toubal, Wissan"]
[Black "Al Rufaye, Iman Hasan Mohammed"]
[Result "0-1"]
[WhiteElo "1963"]
[BlackElo "2118"]
[Annotator "ALG-IRQ"]
[PlyCount "112"]
[EventDate "2006.05.21"]

1. d4 d5 2. c4 e6 3. cxd5 exd5 4. Nc3 Nf6 5. Bg5 c6 6. Qc2 Bd6 7. e3 Nbd7 8.
Bd3 Nf8 9. Nge2 Ng6 10. h3 O-O 11. O-O h6 12. Bxf6 Qxf6 13. Ng3 Qg5 14. Nce2 f5
15. Kh1 Nh4 16. Qd2 f4 17. exf4 Bxf4 18. Nxf4 Rxf4 19. Qe3 Bd7 20. Qe5 Raf8 21.
Kg1 Nf5 22. Bxf5 Bxf5 23. Nxf5 R4xf5 24. Qe6+ Kh7 25. Rad1 Rf4 26. Qe3 Qg6 27.
Kh1 Re4 28. Qa3 Rf7 29. Qxa7 Re2 30. Qa3 Rfxf2 31. Rxf2 Rxf2 32. Rg1 Qe4 33.
Qb4 b5 34. Qc3 Rc2 35. Qb4 Rc4 36. Qf8 Rxd4 37. Qf2 Rc4 38. Re1 Qg6 39. Rd1 Rc2
40. Rd2 Rxd2 41. Qxd2 Qe4 42. b4 d4 43. Kg1 Kg6 44. Kf2 Kf5 45. g3 Ke6 46. Qc1
Qf5+ 47. Kg2 Kd6 48. Qd2 Kd5 49. Qc1 Qe4+ 50. Kf2 Qe3+ 51. Qxe3 dxe3+ 52. Kxe3
Kc4 53. a3 Kb3 54. Kd4 Kxa3 55. Kc3 g5 56. g4 Ka4 0-1

[Event "XXXVII Olimpiadi femminile"]
[Site "Torino ITA"]
[Date "2006.05.29"]
[Round "8.2"]
[White "Carreras Mendiolea, Paulina Adria"]
[Black "Nazarova, Olga"]
[Result "1-0"]
[WhiteElo "1935"]
[BlackElo "2037"]
[Annotator "ICSC-MEX"]
[PlyCount "46"]
[EventDate "2006.05.21"]

1. e4 e6 2. d4 d5 3. exd5 exd5 4. Bd3 Bd6 5. Qf3 Ne7 6. Ne2 O-O 7. O-O c6 8.
Bf4 Qc7 9. Nd2 Be6 10. Qg3 Bxf4 11. Nxf4 Qd7 12. Nxe6 Qxe6 13. Rfe1 Qd7 14.
Bxh7+ Kxh7 15. Qh4+ Kg8 16. Rxe7 Qd8 17. Rae1 Nd7 18. R1e3 f6 19. Qg4 Rf7 20.
Rxf7 Kxf7 21. Qe6+ Kf8 22. Rh3 g6 23. Rh8+ Kg7 1-0

[Event "XXXVII Olimpiadi femminile"]
[Site "Torino ITA"]
[Date "2006.05.29"]
[Round "8.3"]
[White "Rossinskaya, Ljudmilla"]
[Black "Estrada Gaspar, Nelly Massiel"]
[Result "1/2-1/2"]
[WhiteElo "1931"]
[BlackElo "2029"]
[Annotator "ICSC-MEX"]
[PlyCount "78"]
[EventDate "2006.05.21"]

1. e4 e5 2. Nf3 Nf6 3. Nxe5 d6 4. Nf3 Nxe4 5. Qe2 Qe7 6. d3 Nf6 7. Bg5 Qxe2+ 8.
Bxe2 Be7 9. Nc3 c6 10. h3 Nbd7 11. d4 Nb6 12. O-O-O Be6 13. b3 O-O 14. Rhe1 a5
15. a4 Rfe8 16. Bd3 Rac8 17. Bxf6 Bxf6 18. Ne4 Be7 19. Neg5 Bxg5+ 20. Nxg5 g6
21. c4 Rcd8 22. Re3 Na8 23. Rde1 Nc7 24. Kd2 Kg7 25. g4 h6 26. Nf3 Bd7 27. Rxe8
Rxe8 28. Rxe8 Nxe8 29. Ng1 Nc7 30. Ne2 f5 31. gxf5 Bxf5 32. Bxf5 gxf5 33. Nf4
Kf6 34. h4 Ne6 35. Nxe6 Kxe6 36. Ke3 b6 37. f4 c5 38. d5+ Ke7 39. h5 Kf7
1/2-1/2

[Event "XXXVII Olimpiadi femminile"]
[Site "Torino ITA"]
[Date "2006.05.29"]
[Round "8.3"]
[White "Ikpa Glewis, Pauline Tresa"]
[Black "Fridthjofsdottir, Sigurlaug Regina"]
[Result "1-0"]
[WhiteElo "1969"]
[BlackElo "1876"]
[Annotator "NGR-ISL"]
[PlyCount "65"]
[EventDate "2006.05.21"]

1. e4 e6 2. d4 d5 3. Nd2 Nf6 4. e5 Nfd7 5. Bd3 c5 6. c3 Nc6 7. Ne2 cxd4 8. cxd4
f6 9. exf6 Nxf6 10. O-O Bd6 11. Nf3 O-O 12. Bg5 e5 13. dxe5 Nxe5 14. Nxe5 Bxe5
15. Qd2 Qd6 16. Bf4 Be6 17. Bxe5 Qxe5 18. Nd4 Ng4 19. g3 Bd7 20. Rac1 Kh8 21.
Bb5 Bxb5 22. Nxb5 Qh5 23. h4 Ne5 24. Nd4 Qg4 25. Kg2 Nc4 26. Qd1 Rxf2+ 27. Kxf2
Rf8+ 28. Nf3 Nd2 29. Qxd2 Rxf3+ 30. Ke1 Qxg3+ 31. Qf2 Re3+ 32. Kd2 Rd3+ 33. Kc2
1-0

[Event "XXXVII Olimpiadi femminile"]
[Site "Torino ITA"]
[Date "2006.05.29"]
[Round "8.1"]
[White "Pasku, Roela"]
[Black "Steil-Antoni, Fiona"]
[Result "0-1"]
[WhiteElo "1892"]
[BlackElo "1968"]
[Annotator "ALB-LUX"]
[PlyCount "108"]
[EventDate "2006.05.21"]

1. d4 d5 2. c4 e6 3. Nc3 Nf6 4. Nf3 Be7 5. e3 O-O 6. Bd3 dxc4 7. Bxc4 c5 8. O-O
Nc6 9. a3 b6 10. dxc5 Bxc5 11. b4 Be7 12. Bb2 Bb7 13. Qc2 a6 14. Rfd1 Qc7 15.
Bd3 Rac8 16. Rac1 Ne5 17. Nxe5 Qxe5 18. Qe2 Qg5 19. f4 Qh6 20. Na4 Nd5 21. Bd4
b5 22. Nb6 Nxb6 23. Bxb6 e5 24. Bc7 exf4 25. Bxf4 Bg5 26. Qg4 Bxf4 27. exf4
Qb6+ 28. Kf1 Rxc1 29. Rxc1 Qe3 30. Rd1 g6 31. f5 Rd8 32. fxg6 hxg6 33. Bc2
Rxd1+ 34. Qxd1 Kg7 35. Qd3 Qe5 36. g3 Bd5 37. Kf2 Bc4 38. Qe4 Qc3 39. Kg1 Qa1+
40. Kf2 Qb2 41. Ke1 Qc1+ 42. Kf2 Qd2+ 43. Kg1 Bd5 44. Qe5+ Kh7 45. Bxg6+ Kxg6
46. Kf1 Qg2+ 47. Ke1 Qe4+ 48. Qxe4+ Bxe4 49. Kd2 Kf5 50. Ke3 Ke5 51. g4 f5 52.
g5 f4+ 53. Kf2 Kf5 54. h4 Kg4 0-1

[Event "XXXVII Olimpiadi femminile"]
[Site "Torino ITA"]
[Date "2006.05.29"]
[Round "8.1"]
[White "Sammalvuo, Niina"]
[Black "Goi, Veronika"]
[Result "1-0"]
[WhiteElo "2249"]
[BlackElo "1913"]
[Annotator "FIN-ITA2"]
[PlyCount "99"]
[EventDate "2006.05.21"]

1. e4 e6 2. d3 d5 3. Nd2 c5 4. Ngf3 Nc6 5. g3 Bd6 6. Bg2 Nge7 7. O-O O-O 8. Re1
Qc7 9. c3 f6 10. a3 Bd7 11. b4 b6 12. d4 cxb4 13. cxb4 Rac8 14. Bb2 dxe4 15.
Nxe4 Nd5 16. Nxd6 Qxd6 17. Nd2 Nce7 18. Qb3 Qb8 19. a4 Rc7 20. b5 Rfc8 21. Nf1
Rc4 22. Ne3 Nxe3 23. fxe3 Nd5 24. e4 Ne7 25. Bf1 Rc2 26. Bd3 R2c7 27. d5 Rc5
28. Bd4 Qd6 29. Bxc5 Qxc5+ 30. Kg2 exd5 31. exd5 Qxd5+ 32. Qxd5+ Nxd5 33. Rac1
Kf8 34. Rxc8+ Bxc8 35. Bxh7 Kf7 36. Be4 Be6 37. Bxd5 Bxd5+ 38. Kf2 Bb3 39. Re4
g6 40. Ke3 f5 41. Rb4 Bd5 42. Rd4 Ke6 43. Kf4 Be4 44. h4 Bc2 45. Rc4 Bb3 46.
Rc6+ Kd5 47. Rxg6 Bxa4 48. h5 Bxb5 49. h6 Be8 50. Rf6 1-0

[Event "XXXVII Olimpiadi femminile"]
[Site "Torino ITA"]
[Date "2006.05.29"]
[Round "8.1"]
[White "Perez, Eneida"]
[Black "Basem-Hassan, Miriam"]
[Result "1/2-1/2"]
[WhiteElo "2110"]
[BlackElo "2028"]
[Annotator "DOM-PUR"]
[PlyCount "131"]
[EventDate "2006.05.21"]

1. d4 Nf6 2. e3 g6 3. Be2 Bg7 4. Nf3 d6 5. c4 O-O 6. Nc3 Nbd7 7. O-O e5 8. Rb1
Qe7 9. b4 a5 10. b5 b6 11. Ba3 Bb7 12. dxe5 Nxe5 13. Nd5 Nxd5 14. cxd5 f5 15.
Nxe5 Bxe5 16. Bf3 Qh4 17. g3 Qe7 18. Rc1 h5 19. h4 Qf7 20. Rc2 Rae8 21. Qd3 Re7
22. Bg2 Qg7 23. f4 Bf6 24. Bc1 Rfe8 25. Bd2 Rf8 26. Rc4 Bb2 27. a4 Ref7 28. Rb1
Bf6 29. Qc2 Re7 30. Kh2 Rfe8 31. Qd3 Rd8 32. Rbc1 Bb2 33. Rb1 Bf6 34. Re1 Rde8
35. Rec1 Bb2 36. Rb1 Bf6 37. Qc2 Rd8 38. Re1 Rf8 39. Qd3 Rfe8 40. Rc2 Rf8 41.
Rec1 Bb2 42. Rb1 Bf6 43. Rb3 Ref7 44. Rc4 Ba1 45. Qc2 Bf6 46. Rb1 Ba1 47. Rb3
Bf6 48. Qc1 Re8 49. Rb1 Ree7 50. Qc2 Rf8 51. Rb3 Rff7 52. Qd3 Ba1 53. Qc2 Bf6
54. Rd3 Ba1 55. Rb3 Bf6 56. Rd3 Ba1 57. Bc3 Bxc3 58. Rdxc3 Qh7 59. e4 Qg7 60.
Bf3 Kh7 61. exf5 gxf5 62. Qd1 Rf6 63. Bxh5 Kh6 64. g4 fxg4 65. Qxg4 Qxg4 66.
Bxg4 1/2-1/2

[Event "XXXVII Olimpiadi femminile"]
[Site "Torino ITA"]
[Date "2006.05.29"]
[Round "8.2"]
[White "Martinez, Natiska"]
[Black "De La Cruz, Mercedes"]
[Result "0-1"]
[WhiteElo "2050"]
[BlackElo "2101"]
[Annotator "DOM-PUR"]
[PlyCount "82"]
[EventDate "2006.05.21"]

1. e4 c5 2. Nf3 e6 3. d4 cxd4 4. Nxd4 a6 5. Nc3 Qc7 6. Be2 Nf6 7. O-O Be7 8. f4
d6 9. Kh1 Nbd7 10. a4 b6 11. Bf3 Bb7 12. Nb3 O-O 13. Be3 Nc5 14. Nxc5 dxc5 15.
e5 Rfd8 16. Qe2 Nd5 17. Nxd5 exd5 18. c3 Bc6 19. Qc2 Rac8 20. Rac1 Qb7 21. Bg1
Qd7 22. Ra1 b5 23. axb5 axb5 24. Rfd1 Qb7 25. b3 Ra8 26. Qb2 Rxa1 27. Rxa1 b4
28. Qd2 bxc3 29. Qxc3 d4 30. Bxc6 Qxc6 31. Qd3 Qd5 32. Rb1 Rb8 33. Bf2 g6 34.
h3 h5 35. Kh2 Kg7 36. Kg1 c4 37. bxc4 Rxb1+ 38. Qxb1 Qxc4 39. Qd1 d3 40. Be3
Bc5 41. Kf2 Qxf4+ 0-1

[Event "XXXVII Olimpiadi femminile"]
[Site "Torino ITA"]
[Date "2006.05.29"]
[Round "8.1"]
[White "Mudongo, Boikhutso"]
[Black "Mira, Helene"]
[Result "0-1"]
[WhiteElo "1951"]
[BlackElo "2140"]
[Annotator "BOT-AUT"]
[PlyCount "142"]
[EventDate "2006.05.21"]

1. e4 e5 2. Nf3 Nc6 3. Bb5 a6 4. Ba4 Nf6 5. O-O Bc5 6. d3 b5 7. Bb3 d6 8. c3
Bb7 9. h3 h6 10. Re1 O-O 11. Nbd2 Re8 12. Nf1 d5 13. exd5 Nxd5 14. Ng3 Nf6 15.
Be3 Bf8 16. Rc1 Na5 17. Bc2 c5 18. Ne4 Nxe4 19. dxe4 Nc4 20. b3 Nxe3 21. Rxe3
Qc7 22. Re1 Rad8 23. Qe2 Rc8 24. Bb1 c4 25. b4 a5 26. a3 axb4 27. axb4 Ra8 28.
Qe3 Ra3 29. Qe2 Be7 30. Red1 Rea8 31. Qe1 Bc6 32. Bc2 Ra2 33. Bb1 Rb2 34. Rd2
Rb3 35. Ra2 Rxa2 36. Bxa2 Ra3 37. Bb1 Qb8 38. Qd2 Bd6 39. Ne1 Ra8 40. Qb2 Bc7
41. Bc2 Qb7 42. Ra1 Bxe4 43. Bxe4 Qxe4 44. Rxa8+ Qxa8 45. Nf3 Qd5 46. Qd2 Qe6
47. Qe2 e4 48. Nd2 f5 49. Nf1 Be5 50. Qd2 Kf7 51. Qe3 Qd6 52. Nd2 Ke6 53. Nf1
Qa6 54. g3 Qc6 55. Kh2 Qc7 56. Kg2 Qd6 57. h4 g5 58. hxg5 hxg5 59. Qxg5 Bxc3
60. Qg8+ Kd7 61. Qf7+ Kc6 62. Qxf5 Bxb4 63. Ne3 Bd2 64. Qxe4+ Kb6 65. Nc2 Qc6
66. Qxc6+ Kxc6 67. Kf3 b4 68. Ke2 Bc3 69. Kd1 b3 70. Na3 Kc5 71. Kc1 Be1 0-1

[Event "XXXVII Olimpiadi femminile"]
[Site "Torino ITA"]
[Date "2006.05.29"]
[Round "8.2"]
[White "Mazariegos Kummenfeld, Silvia Carolina"]
[Black "Delai, Paula Fernanda"]
[Result "1-0"]
[WhiteElo "2118"]
[BlackElo "2042"]
[Annotator "BRA-GUA"]
[PlyCount "123"]
[EventDate "2006.05.21"]

1. d4 Nf6 2. Nd2 g6 3. e4 d6 4. Ngf3 Bg7 5. c3 O-O 6. Bc4 c6 7. O-O d5 8. Bd3
dxe4 9. Nxe4 Nxe4 10. Bxe4 Nd7 11. Re1 Qc7 12. Bg5 Re8 13. Qd2 Nf6 14. Bc2 Be6
15. Bh6 Bh8 16. Ng5 Bd5 17. h3 c5 18. dxc5 Qxc5 19. Ne4 Qc6 20. Qf4 b5 21. a3
a5 22. Rad1 b4 23. axb4 axb4 24. Nxf6+ Bxf6 25. Qxb4 Bxg2 26. Be4 Bxe4 27. Qxe4
Qb6 28. Re2 Ra5 29. Be3 Qb3 30. Red2 e6 31. Qc6 Rb8 32. Bf4 Rba8 33. Bd6 Qb5
34. Qxb5 Rxb5 35. Bb4 Kg7 36. Rd7 Rf5 37. Be7 Bxe7 38. Rxe7 Rb8 39. b4 Rf3 40.
Rdd7 Rc8 41. Rc7 Rxc7 42. Rxc7 Rxh3 43. b5 Rd3 44. b6 Rd1+ 45. Kg2 Rb1 46. b7
Kf6 47. c4 Ke5 48. c5 Kd5 49. c6 Kd6 50. Rc8 h5 51. b8=Q+ Rxb8 52. Rxb8 Kxc6
53. Rf8 Kd5 54. Rxf7 Ke5 55. Kg3 g5 56. f3 Kd4 57. Rg7 g4 58. f4 Ke4 59. Rg5
h4+ 60. Kxg4 h3 61. Re5+ Kd4 62. Kxh3 1-0

[Event "XXXVII Olimpiadi femminile"]
[Site "Torino ITA"]
[Date "2006.05.29"]
[Round "8.3"]
[White "Chaves, Joara"]
[Black "Castillo Melendez, Dina Lisette"]
[Result "1/2-1/2"]
[WhiteElo "2035"]
[BlackElo "2060"]
[Annotator "BRA-GUA"]
[PlyCount "42"]
[EventDate "2006.05.21"]

1. e4 c5 2. Nc3 a6 3. f4 e6 4. d3 b5 5. g3 Bb7 6. Bg2 Nc6 7. Nf3 g6 8. O-O b4
9. Na4 d6 10. f5 Bg7 11. fxe6 f6 12. c3 Nge7 13. Be3 O-O 14. d4 cxd4 15. cxd4
d5 16. Nc5 Bc8 17. Nh4 Qd6 18. Bf4 Qd8 19. Be3 Qd6 20. Bf4 Qd8 21. Be3 Qd6
1/2-1/2

[Event "XXXVII Olimpiadi femminile"]
[Site "Torino ITA"]
[Date "2006.05.29"]
[Round "8.1"]
[White "Mansour, Mariam"]
[Black "Nakagawa, Emiko"]
[Result "1/2-1/2"]
[WhiteElo "1838"]
[BlackElo "1944"]
[Annotator "UAE-JPN"]
[PlyCount "135"]
[EventDate "2006.05.21"]

1. e4 c6 2. d4 d5 3. Nc3 dxe4 4. Nxe4 Nd7 5. Ng5 Ngf6 6. Bd3 e6 7. Qe2 Bd6 8.
N1f3 h6 9. Ne4 Nxe4 10. Qxe4 Nf6 11. Qe2 b6 12. Bd2 Bb7 13. O-O-O Qc7 14. Ne5
O-O-O 15. f4 Kb8 16. Kb1 Rhf8 17. Rhf1 c5 18. Be3 Nd5 19. dxc5 Bxc5 20. Bxc5
Qxc5 21. g3 Ne3 22. Rfe1 Nxd1 23. Rxd1 Qc7 24. a3 Rd6 25. Qg4 g6 26. Qe2 h5 27.
Qf1 Rfd8 28. Qe2 Rd4 29. Nf3 R4d6 30. Ne5 Ba6 31. Nf3 Bxd3 32. cxd3 f6 33. Ne1
Qd7 34. Rc1 Rc6 35. Rd1 Qd5 36. Qf3 Qb3 37. Qe2 Rdc8 38. Qd2 Qd5 39. Qe2 e5 40.
fxe5 Qxe5 41. Qxe5+ fxe5 42. Ka2 Rc1 43. Rxc1 Rxc1 44. Nf3 Rc5 45. d4 exd4 46.
Nxd4 Rd5 47. Nf3 Kc7 48. Kb1 Kc6 49. Kc2 Kb5 50. Nh4 g5 51. Ng2 Re5 52. Kd2 Ka4
53. Ne3 b5 54. Nd1 Rd5+ 55. Kc2 Rxd1 56. Kxd1 Kb3 57. Kc1 a5 58. Kb1 Kc4 59.
Kc2 a4 60. Kd2 Kd4 61. Ke2 Ke4 62. h3 g4 63. h4 Kd4 64. Kd2 Kc4 65. Kc2 b4 66.
axb4 Kxb4 67. Kd2 Kb3 68. Kc1 1/2-1/2

[Event "XXXVII Olimpiadi femminile"]
[Site "Torino ITA"]
[Date "2006.05.30"]
[Round "9.3"]
[White "Hou, Yifan"]
[Black "Kovalevskaya, Ekaterina"]
[Result "1-0"]
[WhiteElo "2298"]
[BlackElo "2460"]
[Annotator "CHN-RUS"]
[PlyCount "133"]
[EventDate "2006.05.21"]

1. e4 e5 2. Nf3 Nc6 3. Bb5 a6 4. Ba4 Nf6 5. O-O Be7 6. Re1 b5 7. Bb3 d6 8. c3
O-O 9. h3 Na5 10. Bc2 c5 11. d4 Qc7 12. Nbd2 cxd4 13. cxd4 Nc6 14. a3 a5 15. d5
Nb8 16. Nf1 Bd7 17. Bd2 a4 18. Rc1 Qb7 19. Ng3 Rc8 20. Bg5 h6 21. Bd2 Nh7 22.
Nh2 Na6 23. Ng4 Bg5 24. Bxg5 hxg5 25. Nf5 Bxf5 26. exf5 Rc5 27. Be4 Rac8 28.
Rb1 Rc4 29. Bd3 Rd4 30. Qe2 Nc7 31. Be4 Ne8 32. Bd3 Nc7 33. Be4 Ne8 34. Bd3 Rb8
35. Ne3 Nhf6 36. Rbc1 Nc7 37. Nc2 Rxd5 38. Nb4 Rc5 39. Rcd1 Ncd5 40. Nxd5 Rxd5
41. Qe3 b4 42. Qxg5 bxa3 43. bxa3 Qb3 44. Be2 Qxa3 45. Rb1 Rc8 46. Ba6 Rf8 47.
Bc4 Nh7 48. Qe7 Rd4 49. Rec1 e4 50. Kh2 Rxc4 51. Rxc4 Nf6 52. Rbc1 Qa2 53. Rc8
Rxc8 54. Rxc8+ Kh7 55. Qf8 Kh6 56. Qh8+ Kg5 57. Qxg7+ Kxf5 58. Qg3 Qd5 59. Rc7
Ke6 60. Qg7 Qe5+ 61. Kh1 Qa1+ 62. Kh2 Qe5+ 63. g3 Qh5 64. g4 Qe5+ 65. Kg2 Qf4
66. Qxf7+ Ke5 67. Rc5+ 1-0

[Event "XXXVII Olimpiadi femminile"]
[Site "Torino ITA"]
[Date "2006.05.30"]
[Round "9.1"]
[White "Hoang, Thanh Trang"]
[Black "Khurtsidze, Nino"]
[Result "1/2-1/2"]
[WhiteElo "2487"]
[BlackElo "2426"]
[Annotator "HUN-GEO"]
[PlyCount "70"]
[EventDate "2006.05.21"]

1. d4 d5 2. c4 e6 3. Nc3 Nf6 4. cxd5 exd5 5. Bg5 Be7 6. e3 c6 7. Bd3 Nbd7 8.
Nge2 Nh5 9. Bxe7 Qxe7 10. Qc2 g6 11. O-O-O Nb6 12. h3 Be6 13. Kb1 Ng7 14. Nc1
Bf5 15. Rhe1 O-O-O 16. e4 dxe4 17. Bxe4 Bxe4 18. Rxe4 Qc7 19. Rde1 Rhe8 20.
Rxe8 Nxe8 21. Nb3 Ng7 22. Qe4 Ne6 23. g3 h5 24. h4 Nd5 25. Na4 Nf6 26. Qf3 Ng4
27. Rd1 Qe7 28. Nc3 Qf6 29. Qxf6 Nxf6 30. Kc2 Kc7 31. a3 Nd5 32. Nc5 Ng7 33.
Nd3 Ne7 34. Nf4 Ngf5 35. d5 a6 1/2-1/2